000 00808nam a22002537a 4500
003 OSt
005 20260530115318.0
008 260508b1980 sp a|||| |||| 00| 0 spa d
020 _a8431516569
040 _aICI
_bspa
_cICI
050 _aTL770
_b.D34 1987
100 1 _aD'Agostino, Carlo,
_eautor.
245 1 0 _aModelismo aéreo /
_cCarlo d'Agostino.
300 _a95 páginas :
_bilustraciones ;
500 _aManual ilustrado sobre técnicas y construcción de modelos de aeronaves.
504 _aIncluye índice y referencias técnicas.
650 0 _aAeromodelismo.
650 0 _aModelos de aviones.
650 0 _aAeronaves
_xModelos reducidos.
_934067
650 0 _aAviación recreativa.
_934068
650 0 _aManualidades técnicas.
650 0 _aConstrucción de modelos.
942 _2lcc
_cBK
_n1
999 _c13682
_d13682